000 00684nam a2200265Ia 4500
005 20260121173620.0
008 008 260114s9999 xx 000 0 eng d
020 _a9783319136172
037 _aEBOOK
040 _aCRL
040 _beng
040 _cCRL
041 _2eng
041 _aeng
084 _qCRL
100 _aTimothy E. Long Brigitte Voit Oguz Okay
_91103077
245 0 _aPorous Carbons ? Hyperbranched Polymers ? Polymer Solvation
260 _bSpringer
260 _bSpringer
260 _c2015
856 _uhttps://link.springer.com/openurl?genre=book&isbn=978-3-319-13617-2
942 _cEBOOK
999 _c1668822
_d1668822